000 00391nam a22001457a 4500
999 _c193480
_d193480
008 221031b ||||| |||| 00| 0 eng d
082 _aS-BHA
100 _aENDOW,TANUKA BHAUMIK
245 _aMYSTERY OF THE MISSING MOBILES
_hENGHLISH
260 _aNEW DELHI
_bA.I.C.B
_cROHINI
270 _aA.I.C.B,ROHINI NEW DELHI
300 _a.
_b.
_c12X13
490 _v1
942 _2ddc
_cBRLEN
_kS
_mBHA